000
00345nam a2200157Ia 4500
008
240830s1911 xx 000 0 und d
041
_a
san
082
_a
1
100
_a
MISHRA
245
_a
RASAHRADARA TANTRA
250
_a
1
260
_a
SANGALI
_b
N.D.
_c
1911
300
_a
100p
906
_a
RASAHRIDAYA TANTRA
999
_c
1183921
_d
1183921